000 00985nam a22002897a 4500
001 BR9404155
003 BR-BrBNA
005 20230928094059.0
007 ta
008 230509b bl.||||| |||| 00| 0 por d
040 _aBR-BrBNA
_bpor
_cBiblioteca Nacional de Agricultura
041 _a(Por)
072 _aK10; P01
090 _ K10 BR9404155
110 1 _aSociedade Brasileira de Silvicultura, Sao Paulo, SP (Brasil)
_99794
111 1 _a6. Congresso Florestal Brasileiro
_cCampos de Jordao, SP (Brazil)
_d22-27 Sep 1990
245 1 _a6. Congresso Florestal Brasileiro, florestas e meio ambiente: conservacao e producao, patrimonio social, v. 2 trabalhos voluntarios - resumos
260 3 _aSao Paulo, SP (Brasil):
_c1990.
300 _a109 p.
500 _aSummary only
650 _aRecurso Florestal
650 _aPlanejamento Florestal
650 _aProducao Florestal
650 _aPreservacao da Natureza
909 _a202309
_bLucia
_c55
_dLucia Elande
942 _cBK
999 _c48753
_d48753